| 000 | 00607nam a2200193Ia 4500 | ||
|---|---|---|---|
| 008 | 151121s9999||||xx |||||||||||||| ||und|| | ||
| 082 | _a371।4 / भट | ||
| 082 | _bHNW-78106 | ||
| 100 | _aभट अविनाश - अनु। | ||
| 245 | _aफुं ग सुईध | ||
| 260 | _b"पुष्प प्रकाशन, पुणे।" | ||
| 260 | _c-- | ||
| 300 | _a96 | ||
| 600 | _aभट अविनाश - अनु। | ||
| 630 | _aफुं ग सुईध | ||
| 700 | _aभट अविनाश - अनु। | ||
| 730 | _aफुं ग सुईध | ||
| 942 | _cBOOK | ||
| 999 |
_c1259512 _d1259509 |
||